01118cam a22002777a 45000010009000000050017000090080041000260100015000670200025000820200022001070400052001290820022001811000036002032450107002392600108003463000026004545000024004805040031005045040041005356500033005766530025006096550024006349420022006589990017006809520143006971607048420141118121635.0100127s2009 xxk frb 001 0 eng d a2009675094 a9781906659134 (hbk.) a1906659133 (hbk.) aUKMcUKMdCDXdBTCTAdMIAdYDXCPdDLCdEG-ScBUE00a657.0218222bMCE1 aMcEwen, Ruth Ann,d1952-93658510aTransparency in financial reporting :ba concise comparison of IFRS and US GAAP /cby Ruth Ann McEwen. aPetersfield, United Kingdom :bHarriman House,c2009e([Chippenham, United Kingdom] :fCPI Antony Rowe) axiii,134 p. ;c24 cm. aIndex : p. 129-134. aBibliography : p. 125-126. aIncludes bibliographical references. 0aAccountingxStandards936586 bBUSADMcNovember2014 vreading book934232 2ddck657.0218 MCE c18642d18614 00102ddc40708BaccahaMAINbMAINc1STd2014-11-18epurchaseg319.00h20677l0o657.0218 MCEp000037025r2025-07-15 00:00:00v398.75yBB